MDQL
is popping MORE tags! Check the
thread
!
Quizzes
Events
Quiz Creation
Community
Videos
Private Events
Remove Ads
Sign In
Join for FREE
Feedback
Dark Mode
Quiz Categories
Sports
Geography
Music
Movies
Television
Just For Fun
Miscellaneous
History
Literature
Language
Science
Gaming
Entertainment
Religion
Holiday
For Kids
Quiz Lab
Recent
Popular Today
Quiz Kudos Today
Editor Picks
Curator Picks
Quizzes by...
Day
Popularity
Type
Ratings
Length
Year
Community
Subscriptions
Recent Discussions
Orange Saloon
Badges
Playlists
Quests
Create
Leaderboards
Showdown
Live 5
Trivia Bingo
Activity
Puzzle Library
Sporcle Events
Private Events
Virtual Trivia
Globe League
Become a Host
Pub Owners
SporcleCon
Opinionation
Our Games
Videos
Blog
Mobile Apps
Partnerships
Remove Ads and Go Orange
Feedback
Sports
Athletes
MLB
NBA
NHL
NFL
Soccer
Sports Teams
WWE
NCAA
Football
Premier League
Basketball
Baseball
Hockey
Golf
Tennis
Cricket
Rugby
Auto Racing
Olympics
World Cup
Sports
Athletes
MLB
NBA
NHL
NFL
Soccer
Sports Teams
WWE
NCAA
Football
Premier League
Basketball
Baseball
Hockey
Golf
Tennis
Cricket
Rugby
Auto Racing
Olympics
World Cup
Random Quiz
Search Sporcle
×
Quiz Lab
Quiz Lab
Sports
NBA
Type in answers that appear in a list
Type in answers that appear in a list
Classic
Best Score? Go Orange.
NBA All Time Teams Stats
Can you name the NBA All Time Teams?
By
geauxsaints9709
7m
30 Questions
2,735 Plays
2,735 Plays
2,735 Plays
Comments
Comments
Give Quiz Kudos
Give Quiz Kudos
-
- Ratings
hide this ad
Replay
Link that replays current quiz
Next Quiz
Link to next quiz in quiz playlist
You Got
0%
They Got
Avg Score
80%
Avg Friend Score
Upgrade to see
Score Distribution
Jump to the score distribution portion of the page
Score
0/30
Timer
07:00
0
Plays Today
Team
Player
% Correct
1st Team
Michael Jordan
99.4%
All Defensive Team
Michael Jordan
99.4%
All Rookie Team
Michael Jordan
99.4%
1st Team
Magic Johnson
98.5%
2nd All Rookie Team
Magic Johnson
98.5%
2nd All Rookie Team
Lew Alcindor
97.9%
1st Team
Larry Bird
97.7%
1st Team
Tim Duncan
97.7%
2nd Team
Kobe Bryant
97.6%
1st Team
Kareem Abdul-Jabbar
97.5%
2nd Team
Karl Malone
95.3%
2nd Team
Oscar Robertson
92.6%
All Rookie Team
Oscar Robertson
92.6%
2nd Team
Wilt Chamberlain
92.5%
All Rookie Team
Wilt Chamberlain
92.5%
Team
Player
% Correct
All Defensive Team
Bill Russell
91.1%
2nd All Defensive Team
John Stockton
90%
All Defensive Team
Gary Payton
85.4%
All Defensive Team
Scottie Pippen
83.5%
All Defensive Team
Dennis Rodman
76.6%
2nd Team
John Havlicek
74.4%
2nd All Rookie Team
Allen Iverson
72.3%
All Rookie Team
Elgin Baylor
63.1%
2nd All Defensive Team
Dikembe Mutombo
62.8%
2nd All Rookie Team
Wes Unseld
57%
All Rookie Team
Elvin Hayes
51.9%
2nd All Defensive Team
Ben Wallace
46.2%
2nd All Rookie Team
Rick Barry
45.8%
2nd All Defensive Team
Sidney Moncrief
36.6%
2nd All Defensive Team
Bobby Jones
16.1%
Quiz Playlist
Details
Report
Send in Message
Add To Playlist
Classic:
Type in answers that appear in a list
Quiz Source
Last Updated: Feb 16, 2017
Quiz Scoreboard
CHALLENGE
Sign Up to Join the Scoreboard
Show All
Scores
Hide
Comments
May contain spoilers
Recently Published
1-10 Letter E Words III
by El_Dandy
Language
2m
Street Fighter Characters
by Artimus82
Gaming
60s
College Basketball Coaching Resumes
by pancakes188
Sports
9m
More to Explore
Quiz From the Vault
Featured Blog Post
Where Did the Easter Bunny Come From?
hide this ad
You Might Also Like...
Tags
Basketball Quiz
NBA Quiz
defense
Hall of Fame
Michael Jordan
rookie
Today's Top Quizzes in Sports
Browse Sports
hide this ad
Today's Top Quizzes in NBA
Browse NBA
Top Contributed Quizzes in Sports
1
2022 World Cup Stars
2
Les meilleurs buteurs des matchs entre le PSG et l’OM
3
FIFA Club World Cup Champions
4
Les entraîneurs de l'OM et du PSG au 21e siècle
5
Criteria MLB: Left Handed Sluggers
6
2023 MLB Unique Player Accomplishments
7
AFC Teams Reveal (Wrong Answers Minefield)
8
Players with Multiple 50 Home Run Seasons
9
5-to-1: FBS Animal Nicknames
10
5-to-1: UK Sports Teams
Explore More
Trending Topics
Crossword
Anime
Disney
Kpop
Harry Potter
Marvel
NBA
The Office
Soccer
NFL
Pokémon
Song
WWE
Country
Puzzle
hide this ad
More By:
geauxsaints9709
Quiz
Plays
Rating
Category
Featured
Created
Sports All-Decade Team
5,167
2.11
Sports
Jun 9, 2011
NBA All Time Teams
2,735
3.00
Sports
Jun 9, 2011
NBA Greatest Moments
478
3.00
Sports
Jun 8, 2011
2011 Top 50 Fantasy Football Rankings
463
4.17
Sports
Jun 7, 2011
NFL Chain Game 2011
360
3.00
Sports
Jun 6, 2011
Go to Creator's Profile
Score Distribution
Quiz Creator Spotlight
geauxsaints9709
Follow
Send a Message
Quizzes Created
-
Created Quiz Play Count
-
More By This Creator
Popular Quizzes Today
1
Find the US States - No Outlines Minefield
2
Find the Countries of Europe - No Outlines Minefield
3
The Countries of the World
4
Find the US States
5
Risky Map Clicking: Biggest States A-Z
6
US States
7
Popular People in 1961
8
Movies - When Are They Set?
More Sports Quizzes
Sports by Nail Art
Published
Trending Quizzes
Risky Map Clicking: Least Populous States A-Z
1-10 Letter G Words
1-10 Letter F Words
Countries of the World: 200 Million BC
Risky Map Clicking: Next State Alphabetically
Recently Updated
Beyoncé Albums
pecheneg
Leaping Animals
pecheneg
Reality TV Shows (A-Z)
bhenderson79
Rickey Henderson's Hall of Fame Teammates
pecheneg
Champions League XIs: Arsenal
pecheneg
Quick Pick: Celebrities in WWE's Hall of Fame
aduchscher
A-Z Keypad Blitz II
pecheneg
Multiple Oscar Actors
pecheneg
Mystery Phrase Blitz: Oscar 'Best Actors'
pecheneg
F. Scott Fitzgerald Novels
LTH
Trending Topics
Crossword
Anime
Marvel
Harry Potter
Disney
Kpop
NBA
Pokémon
Country
NFL
Soccer
WWE
Puzzle
Song
The Office
Your Account Isn't Verified!
In order to create a playlist on Sporcle, you need to verify the email address you used during registration. Go to your
Sporcle Settings
to finish the process.
Report this User
Report this user for behavior that violates our
Community Guidelines
.
Details:
Send Report
Go to the Sporcle.com Mobile Site →
Comments